00933cam a22002655a 45000010009000000050017000090080041000260200018000670400028000850820020001132450064001332600048001973000034002455000024002796500035003036500032003386500028003706510010003986530025004087000021004339060045004549420008004999990017005079520143005241798438720201128024020.0131226t2014 inua fr 001 0 eng d a9781118729083 aDLCbengcDLCdEG-ScBUE04222a005.74bMIC00aMicrosoft big data solutions /cAdam Jorgensen ... [et al.] aIndianapolis :bJohn Wiley & Sons,cc.2014. axix, 388 p. :bill. ;c24 cm. aIndex : p. 379-388. 72BUEsh937309aCloud computing. 72BUEsh940141aWeb services. 791995aComputers.2BUEsh 2BUEsh bCOMSCIcNovember20161 aJorgensen, Adam. a0bibccorignewd2eepcnf20gy-gencatlg 2ddc c23296d23268 00102ddc40708BaccahaMAINbMAINcLOWd2016-11-23ePurchaseg399.90h2000088l0o005.74 MICp000034960r2025-07-15 00:00:00v499.88yBB